[Event "SRB-chT Premier"]
[Site "Vrnjacka Banja"]
[Date "2022.09.23"]
[Round "4.4"]
[White "Lukovic, Vladimir"]
[Black "Krstic, Petar"]
[Result "1/2-1/2"]
[WhiteElo "2419"]
[BlackElo "2290"]
[PlyCount "58"]
[EventDate "2022.09.20"]
[EventType "team-tourn"]
[EventRounds "11"]
[EventCountry "SRB"]
[SourceTitle "CBM 210 Extra"]
[Source "ChessBase"]
[SourceDate "2022.11.30"]
[SourceVersion "1"]
[SourceVersionDate "2022.11.30"]
[SourceQuality "1"]
[WhiteTeam "Belgrade Zmaj"]
[BlackTeam "Subotica Spartak"]
[WhiteTeamCountry "SRB"]
[BlackTeamCountry "SRB"]

1. e4 c6 2. d3 d5 3. Nd2 g6 4. Ngf3 Bg7 5. d4 dxe4 6. Nxe4 Nf6 7. Nxf6+ exf6 8. Bc4 Qe7+ 9. Qe2 Qxe2+ 10. Bxe2 Bf5 11. c3 0-0 12. 0-0 Re8 13. Re1 Nd7 14. Be3 Nb6 15. c4 Na4 16. b3 Nc3 17. Bf1 a5 18. Rec1 Ne4 19. a3 Bf8 20. Nd2 Red8 21. Nxe4 Bxe4 22. Ra2 h5 23. Rd1 Rd7 24. f3 Bf5 25. g3 Rad8 26. Rdd2 Re8 27. Bf2 Red8 28. Be3 Re8 29. Bf2 Red8 1/2-1/2

[Event "Titled Tuesday intern op 28th Sept"]
[Site "Chess.com INT"]
[Date "2021.09.28"]
[Round "5"]
[White "Lukovic, Vladimir"]
[Black "Balabayeva, Kseniya"]
[Result "1-0"]
[WhiteElo "2411"]
[BlackElo "2318"]
[PlyCount "65"]
[EventDate "2021.09.28"]
[EventType "swiss (blitz)"]
[EventRounds "11"]
[EventCountry "USA"]
[SourceTitle "CBM 204 Extra"]
[Source "ChessBase"]
[SourceDate "2021.11.30"]
[SourceVersion "1"]
[SourceVersionDate "2021.11.30"]
[SourceQuality "1"]

1. e4 c6 2. d4 d5 3. e5 Bf5 4. Nf3 e6 5. Be2 Nd7 6. 0-0 c5 7. c4 dxc4 8. Na3 Rc8 9. Nxc4 cxd4 10. Bg5 f6 11. exf6 Ngxf6 12. Nxd4 Be7 13. Nxf5 exf5 14. Nd6+ Bxd6 15. Qxd6 Qe7 16. Bh5+ Kf8 17. Qd3 g6 18. Rfe1 Qf7 19. Qd6+ Kg7 20. Re7 gxh5 21. Rxf7+ Kxf7 22. Re1 Rhe8 23. Rxe8 Rxe8 24. f3 Re7 25. Qb4 b6 26. Qf4 Kg6 27. Bh4 Re2 28. Qg5+ Kf7 29. Qxf5 Rxb2 30. g4 hxg4 31. fxg4 Rb4 32. Bxf6 Nxf6 33. g5 1-0

[Event "Titled Tuesday intern op 28th Sept"]
[Site "Chess.com INT"]
[Date "2021.09.28"]
[Round "10"]
[White "Lukovic, Vladimir"]
[Black "Drozdowski, Kacper"]
[Result "1/2-1/2"]
[WhiteElo "2411"]
[BlackElo "2448"]
[PlyCount "184"]
[EventDate "2021.09.28"]
[EventType "swiss (blitz)"]
[EventRounds "11"]
[EventCountry "USA"]
[SourceTitle "CBM 204 Extra"]
[Source "ChessBase"]
[SourceDate "2021.11.30"]
[SourceVersion "1"]
[SourceVersionDate "2021.11.30"]
[SourceQuality "1"]

1. e4 c5 2. Nf3 e6 3. d4 cxd4 4. Nxd4 a6 5. Bd3 Nf6 6. 0-0 d6 7. c4 Nbd7 8. Nc3 g6 9. Qe2 Bg7 10. Rd1 0-0 11. Nf3 Qc7 12. Bf4 Ng4 13. Rac1 Nge5 14. Nxe5 Nxe5 15. Qe3 b6 16. Be2 Rb8 17. Bh6 Bb7 18. Bxg7 Kxg7 19. Qd4 Qc5 20. Qxd6 Rfd8 21. Qxc5 bxc5 22. f4 Nc6 23. Rxd8 Rxd8 24. Rd1 Nd4 25. Kf2 Bc6 26. Bf3 Rb8 27. b3 e5 28. fxe5 Re8 29. Ne2 Nxe2 30. Kxe2 Rxe5 31. Kd3 Kf6 32. a3 a5 33. Ke3 Ke7 34. g4 Re6 35. g5 f6 36. gxf6+ Rxf6 37. b4 axb4 38. axb4 cxb4 39. Rb1 Kd6 40. Rxb4 Kc5 41. Rb1 Rf8 42. Rd1 g5 43. Bg4 Rf4 44. Bf5 Rh4 45. h3 h5 46. Rg1 g4 47. hxg4 hxg4 48. Kf4 Kxc4 49. Kg5 Rh8 50. Rc1+ Kb5 51. Kxg4 Kb6 52. e5 Rh2 53. e6 Re2 54. Kg5 Bd5 55. Kf6 Bxe6 56. Bxe6 Rf2+ 57. Ke5 Rd2 58. Bd5 Kb5 59. Kd6 Kb4 60. Rb1+ Kc3 61. Kc5 Rb2 62. Rg1 Rd2 63. Rg3+ Rd3 64. Rg2 Rd2 65. Rg8 Rd1 66. Ra8 Rc1 67. Bc4 Kd2 68. Ra3 Rc3 69. Ra7 Re3 70. Kd4 Rc3 71. Ra2+ Rc2 72. Ra3 Rb2 73. Rh3 Rc2 74. Rh1 Rb2 75. Rh2+ Kc1 76. Rh3 Kd2 77. Re3 Rb8 78. Re2+ Kd1 79. Rg2 Ke1 80. Bd5 Kf1 81. Ra2 Rd8 82. Rb2 Rd7 83. Ke5 Rd8 84. Be4 Ke1 85. Kf4 Kd1 86. Ke3 Rc8 87. Rb1+ Rc1 88. Bf3+ Kc2 89. Be4+ Kd1 90. Rb2 Rc8 91. Kd3 Rd8+ 92. Ke3 Rc8 1/2-1/2

[Event "Titled Tuesday intern op 28th Sept"]
[Site "Chess.com INT"]
[Date "2021.09.28"]
[Round "9"]
[White "Lukovic, Vladimir"]
[Black "Roberson, Peter T"]
[Result "1-0"]
[WhiteElo "2411"]
[BlackElo "2437"]
[PlyCount "49"]
[EventDate "2021.09.28"]
[EventType "swiss (blitz)"]
[EventRounds "11"]
[EventCountry "USA"]
[SourceTitle "CBM 204 Extra"]
[Source "ChessBase"]
[SourceDate "2021.11.30"]
[SourceVersion "1"]
[SourceVersionDate "2021.11.30"]
[SourceQuality "1"]

1. e4 c5 2. Nf3 a6 3. b3 b5 4. a4 Bb7 5. axb5 axb5 6. Rxa8 Bxa8 7. Bxb5 Bxe4 8. Nc3 Bb7 9. 0-0 Nf6 10. Ne5 e6 11. d4 Qc7 12. Bf4 Qb6 13. Nc4 Qa7 14. dxc5 Bxc5 15. Nd6+ Ke7 16. Na4 Nd5 17. Nxc5 Qxc5 18. Nxb7 Qxb5 19. Bd6+ Ke8 20. c4 Qxb7 21. cxd5 f6 22. Qh5+ g6 23. Qf3 f5 24. Qc3 Rf8 25. Qg7 1-0

[Event "Titled Tuesday intern op 28th Sept"]
[Site "Chess.com INT"]
[Date "2021.09.28"]
[Round "6"]
[White "Lukovic, Vladimir"]
[Black "Timofeev, Artyom"]
[Result "0-1"]
[WhiteElo "2411"]
[BlackElo "2583"]
[PlyCount "70"]
[EventDate "2021.09.28"]
[EventType "swiss (blitz)"]
[EventRounds "11"]
[EventCountry "USA"]
[SourceTitle "CBM 204 Extra"]
[Source "ChessBase"]
[SourceDate "2021.11.30"]
[SourceVersion "1"]
[SourceVersionDate "2021.11.30"]
[SourceQuality "1"]

1. e4 e6 2. d4 d5 3. e5 c5 4. c3 Nc6 5. Nf3 Qb6 6. a3 f6 7. b4 cxd4 8. cxd4 Nge7 9. Bd3 Bd7 10. Bb2 Ng6 11. 0-0 Be7 12. Nc3 0-0 13. Na4 Qd8 14. exf6 Bxf6 15. Nc5 Bc8 16. Re1 Qd6 17. Qc2 b6 18. Bxg6 hxg6 19. Nd3 Ba6 20. Nde5 Ne7 21. Nxg6 Nxg6 22. Qxg6 Rac8 23. Re5 Bb5 24. Rh5 Be8 25. Qh7+ Kf7 26. Re1 Ke7 27. Rhe5 Bf7 28. Ng5 Rh8 29. Nxf7 Kxf7 30. Qd3 Bxe5 31. dxe5 Qc6 32. Qf3+ Kg8 33. Qg4 Rh6 34. h4 Qc4 35. Bc1 Qxg4 0-1

[Event "SRB-chT Premier"]
[Site "Vrnjacka Banja"]
[Date "2021.09.09"]
[Round "3.3"]
[White "Lukovic, Vladimir"]
[Black "Milanovic, Danilo"]
[Result "1/2-1/2"]
[WhiteElo "2411"]
[BlackElo "2408"]
[PlyCount "97"]
[EventDate "2021.09.07"]
[EventType "team-tourn"]
[EventRounds "11"]
[EventCountry "SRB"]
[SourceTitle "CBM 204 Extra"]
[Source "ChessBase"]
[SourceDate "2021.11.30"]
[SourceVersion "1"]
[SourceVersionDate "2021.11.30"]
[SourceQuality "1"]
[WhiteTeam "Belgrade Politika"]
[BlackTeam "Vladimirci"]
[WhiteTeamCountry "SRB"]
[BlackTeamCountry "SRB"]

1. e4 d6 2. d4 Nf6 3. Nc3 e5 4. Nf3 exd4 5. Nxd4 Be7 6. g3 0-0 7. Bg2 Re8 8. 0-0 Bf8 9. b3 Nbd7 10. Bb2 Nc5 11. Re1 a5 12. a3 c6 13. b4 Ncd7 14. b5 Ne5 15. h3 Bd7 16. Rb1 Qc7 17. a4 Rad8 18. Ba1 Bc8 19. f4 Nc4 20. Qd3 Nb6 21. Kh2 d5 22. bxc6 bxc6 23. exd5 Rxe1 24. Rxe1 Nbxd5 25. Nxd5 Nxd5 26. Qc4 Nb4 27. Qc3 Qb6 28. Re2 c5 29. Nf3 Bb7 30. Ne5 Bxg2 31. Rxg2 Qe6 32. Qc4 Rd5 33. Qb3 f6 34. Nc4 Rd1 35. Bc3 Kh8 36. Nxa5 Nd5 37. Nc4 h5 38. Bd2 h4 39. gxh4 Ra1 40. a5 Nb4 41. h5 Kh7 42. Bxb4 cxb4 43. Qd3+ Kh8 44. h6 Qe1 45. Qd8 Qh1+ 46. Kg3 Qe1+ 47. Kh2 Qh1+ 48. Kg3 Qe1+ 49. Kh2 1/2-1/2

[Event "Titled Tuesday intern op 03rd Nov"]
[Site "Chess.com INT"]
[Date "2020.11.03"]
[Round "1"]
[White "Horak, Martin"]
[Black "Lukovic, Vladimir"]
[Result "1/2-1/2"]
[WhiteElo "2337"]
[BlackElo "2421"]
[PlyCount "58"]
[EventDate "2020.11.03"]
[EventType "swiss (blitz)"]
[EventRounds "11"]
[EventCountry "USA"]
[SourceTitle "CBM 199 Extra"]
[Source "ChessBase"]
[SourceDate "2021.01.31"]
[SourceVersion "1"]
[SourceVersionDate "2021.01.31"]
[SourceQuality "1"]

1. e4 e5 2. Nc3 Nf6 3. Bc4 Bc5 4. d3 c6 5. f4 d6 6. Nf3 Bg4 7. h3 Bxf3 8. Qxf3 Nbd7 9. Be3 Bxe3 10. Qxe3 Qb6 11. Qxb6 axb6 12. 0-0 b5 13. Bb3 Nc5 14. fxe5 dxe5 15. Rf5 Ncd7 16. Raf1 0-0 17. g4 h6 18. h4 Nc5 19. Rxe5 Nxb3 20. axb3 Nxg4 21. Re7 Rab8 22. Rf4 h5 23. Ne2 g6 24. b4 Nh6 25. Nd4 Rfe8 26. Rc7 Rec8 27. Re7 Re8 28. Rc7 Rec8 29. Re7 Re8 1/2-1/2

[Event "Titled Tuesday intern op 03rd Nov"]
[Site "Chess.com INT"]
[Date "2020.11.03"]
[Round "5"]
[White "Sorokin, Aleksey"]
[Black "Lukovic, Vladimir"]
[Result "1-0"]
[WhiteElo "2521"]
[BlackElo "2421"]
[PlyCount "57"]
[EventDate "2020.11.03"]
[EventType "swiss (blitz)"]
[EventRounds "11"]
[EventCountry "USA"]
[SourceTitle "CBM 199 Extra"]
[Source "ChessBase"]
[SourceDate "2021.01.31"]
[SourceVersion "1"]
[SourceVersionDate "2021.01.31"]
[SourceQuality "1"]

1. d4 d5 2. c4 c6 3. Nf3 Nf6 4. e3 a6 5. Nc3 b5 6. b3 Bg4 7. Be2 Nbd7 8. h3 Bxf3 9. Bxf3 e6 10. 0-0 Bd6 11. a4 b4 12. Ne2 a5 13. Nf4 Bxf4 14. exf4 0-0 15. Qd3 c5 16. cxd5 Nxd5 17. Bd2 cxd4 18. Rac1 Qb6 19. Bxd5 exd5 20. Rc2 Rac8 21. Rfc1 Rxc2 22. Rxc2 g6 23. Bc1 Nc5 24. Qxd4 Nxa4 25. Qxd5 Nc3 26. Qf3 Qe6 27. Be3 Qxb3 28. Rd2 Nd5 29. Qxd5 1-0

[Event "Titled Tuesday intern op 5th May"]
[Site "Chess.com INT"]
[Date "2020.05.05"]
[Round "3"]
[White "Lukovic, Vladimir"]
[Black "Hansch, Karsten"]
[Result "1-0"]
[WhiteElo "2421"]
[BlackElo "2300"]
[PlyCount "115"]
[EventDate "2020.05.05"]
[EventType "swiss (blitz)"]
[EventRounds "10"]
[EventCountry "USA"]
[SourceTitle "EXT 2021"]
[Source "ChessBase"]
[SourceDate "2020.10.23"]
[SourceVersion "1"]
[SourceVersionDate "2020.10.23"]
[SourceQuality "1"]

1. e4 c6 2. d4 d5 3. e5 Bf5 4. Nf3 e6 5. Be2 c5 6. Be3 Nc6 7. 0-0 cxd4 8. Nxd4 Nge7 9. Nd2 Nxd4 10. Bxd4 Nc6 11. Nf3 Be4 12. c3 Bxf3 13. Bxf3 Be7 14. Qb3 Qc7 15. Rfe1 0-0 16. Rad1 Rfc8 17. g3 Nxd4 18. Rxd4 Qb6 19. Qxb6 axb6 20. a3 Rc5 21. Be2 Rc7 22. Kg2 g6 23. Rd2 h5 24. h3 Ra4 25. Bb5 Ra5 26. a4 Ra8 27. f4 Rd8 28. Kf3 Kf8 29. g4 hxg4+ 30. hxg4 Kg7 31. Rh1 Rh8 32. Rxh8 Kxh8 33. f5 Bg5 34. Rh2+ Kg8 35. f6 Rc8 36. Rh1 Rc7 37. Rd1 Bh6 38. Rd4 Bf8 39. g5 Bc5 40. Rh4 Rc8 41. Ke2 Rd8 42. Kd3 Rc8 43. b4 Bf8 44. Rh1 Rd8 45. Ra1 Ra8 46. Bd7 Rd8 47. Bb5 Ra8 48. Kd4 Ra7 49. Bd7 Ra8 50. a5 bxa5 51. Rxa5 Rxa5 52. bxa5 Ba3 53. Bc8 Bc1 54. Bxb7 Bxg5 55. a6 Bh4 56. Ke3 Bg5+ 57. Kf3 Bd2 58. a7 1-0